|
|
|
|
| LEADER |
02862nam a22003733i 4500 |
| 001 |
EBC6850556 |
| 003 |
MiAaPQ |
| 005 |
20231204023220.0 |
| 006 |
m o d | |
| 007 |
cr cnu|||||||| |
| 008 |
231204s2021 xx o ||||0 eng d |
| 020 |
|
|
|a 9781800643222
|q (electronic bk.)
|
| 020 |
|
|
|z 9781800643215
|
| 035 |
|
|
|a (MiAaPQ)EBC6850556
|
| 035 |
|
|
|a (Au-PeEL)EBL6850556
|
| 035 |
|
|
|a (OCoLC)1292364259
|
| 040 |
|
|
|a MiAaPQ
|b eng
|e rda
|e pn
|c MiAaPQ
|d MiAaPQ
|
| 100 |
1 |
|
|a Keane, Patrick J.
|
| 245 |
1 |
0 |
|a Making the Void Fruitful :
|b Yeats As Spiritual Seeker and Petrarchan Lover.
|
| 250 |
|
|
|a 1st ed.
|
| 264 |
|
1 |
|a Cambridge, UK :
|b Open Book Publishers,
|c 2021.
|
| 264 |
|
4 |
|c Ã2021.
|
| 300 |
|
|
|a 1 online resource (272 pages)
|
| 336 |
|
|
|a text
|b txt
|2 rdacontent
|
| 337 |
|
|
|a computer
|b c
|2 rdamedia
|
| 338 |
|
|
|a online resource
|b cr
|2 rdacarrier
|
| 505 |
0 |
|
|a Intro -- Contents -- Abbreviations -- Acknowledgments -- Part One - W. B. Yeats as Spiritual Seeker -- General Prologue: The Thinking of the Body -- 1. Introduction: Bodily Decrepitude and the Imagination -- 2. Hermeticism, Theosophy, Gnosticism -- 3. The Seeker -- 4. The Byzantium Poems and Apocalypse in 'The Secret Rose' and 'The Second Coming' -- 5. Gnosis and Self-Redemption -- 6. Sex, Philosophy, and the Occult -- 7. Mountain Visions and Other Last Things -- Part Two - Love's Labyrinth: Yeats as Petrarchan Poet (The Maud Gonne Poems) -- Preface to Part Two -- 8. Poet and Muse -- 9. Maud Gonne, and Yeats as Petrarchan Lover -- 10: The Poems: A Sampling -- 11. Rose, Wind, and the Seven Woods -- 12. Maud as Helen: The Green Helmet Poems -- 13. Responsibilities and The Wild Swans at Coole -- 14. 'A Bronze Head' and Beyond -- 15. Thought Distracted: 'Man and the Echo,' 'Politics,' and Conclusion -- Eulogy: Harold Bloom (1930-2019) -- Select Bibliography -- Index.
|
| 520 |
|
|
|a Shedding fresh light on the life and work of William Butler Yeats--widely acclaimed as the major English-language poet of the twentieth century--this new study by leading scholar Patrick J. Keane questions established understandings of the Irish poet's long fascination with the occult: a fixation that repelled literary contemporaries T.S. Eliot and W.H. Auden, but which enhanced Yeats's vision of life and death.
|
| 588 |
|
|
|a Description based on publisher supplied metadata and other sources.
|
| 590 |
|
|
|a Electronic reproduction. Ann Arbor, Michigan : ProQuest Ebook Central, 2023. Available via World Wide Web. Access may be limited to ProQuest Ebook Central affiliated libraries.
|
| 655 |
|
4 |
|a Electronic books.
|
| 776 |
0 |
8 |
|i Print version:
|a Keane, Patrick J.
|t Making the Void Fruitful
|d Cambridge, UK : Open Book Publishers,c2021
|z 9781800643215
|
| 797 |
2 |
|
|a ProQuest (Firm)
|
| 856 |
4 |
0 |
|u https://ebookcentral.proquest.com/lib/matrademy/detail.action?docID=6850556
|z Click to View
|